Gateaux Lu - Statistiques

Statistiques générales
  • Ce quiz a été pris 770 fois
  • Le résultat moyen est 12 sur 20
Statistiques - réponses
Par images Réponse % Correct
prince
99%
pims
93%
granola
91%
mikado
91%
napolitain
91%
petit ecolier
89%
barquette
87%
ourson
87%
petit beurre
83%
petit roulé
81%
pepito
63%
belvita
59%
palmito
42%
paille d'or
41%
figolu
40%
petits coeurs
38%
chamonix
33%
the
18%
grany
16%
guet apens
5%
Aucun quiz correspondant
Distribution des résultats
% des personnes avec chaque résultat
Percentile par nombre de réponses
Votre historique - résultats
Vous n’avez pas pris ce quiz